| 000 | 02786cam a22004817a 4500 | ||
|---|---|---|---|
| 001 | 16637668 | ||
| 005 | 20170105102932.0 | ||
| 008 | 110204s2010 enk b 001 0 eng | ||
| 010 | _a 2010284065 | ||
| 015 |
_aGBB039160 _2bnb |
||
| 016 | 7 |
_a015510636 _2Uk |
|
| 020 | _a9780199589906 (hbk.) | ||
| 020 | _a0199589909 (hbk.) | ||
| 035 | _a(OCoLC)ocn559788085 | ||
| 040 |
_aUKM _cUKM _dYDXCP _dCDX _dDBI _dDLC |
||
| 042 | _alccopycat | ||
| 050 | 0 | 0 |
_aJZ5665 _b.G68 2010 |
| 082 | 0 | 4 |
_a327.1747 _222 _bGOV 2010 |
| 245 | 0 | 0 |
_aGoverning the bomb : _bcivilian control and democratic accountability of nuclear weapons / _cedited by Hans Born, Bates Gill, Heiner Hanggi. |
| 246 | 3 | 0 | _aCivilian control and democratic accountability of nuclear weapons |
| 260 |
_aOxford : _bOxford University Press, _c2010. |
||
| 300 |
_axiii, 249 p. ; _c24 cm. |
||
| 500 | _aPart of an effort by the the Geneva Centre for the Democratic Control of the Armed Forces (DCAF) and Stockholm International Peace Research Institute (SIPRI) to bring comprehensive analysis to a wide audience and to encourage discussion on nuclear weapons and disarmament from a security sector governance perspective -- pref. ([viii] | ||
| 504 | _aIncludes bibliographical references and index. | ||
| 505 | 2 | _aIntroduction / Hans Born, Bates Gill and Heiner Hanggi -- The United States / Peter D. Feaver and Kristen Thompson Sharp -- Russia / Alexei Arbatov -- The United Kingdom / John Simpson and Jenny Nielsen -- France / Bruno Tertrais -- China / Bates Gill and Evan S. Medeiros -- Israel / Avner Cohen -- India / Waheguru Pal Singh Sidhu -- Pakistan / Zafar Iqbal Cheema -- Conclusion / Hans Born and Bates Gill -- Appendix A. World nuclear forces, 2010. | |
| 520 | _a"...explores the roles played by various actors in the domestic governance of nuclear weapons in eight possessor states--the USA, Russia, the United Kingdom, France, China, Israel, India, and Pakistan..." -- p.2 | ||
| 650 | 0 | _aNuclear arms control. | |
| 650 | 0 |
_aNuclear arms control _xGovernment policy. |
|
| 650 | 0 |
_aNuclear arms control _xDecision making. |
|
| 650 | 0 | _aCivil-military relations. | |
| 650 | 0 |
_aNuclear arms control _vCase studies. |
|
| 650 | 0 |
_aNuclear arms control _xGovernment policy _vCase studies. |
|
| 650 | 0 |
_aNuclear arms control _xDecision making _vCase studies. |
|
| 650 | 0 |
_aCivil-military relations _vCase studies. |
|
| 700 | 1 |
_aBorn, H. _q(Hans), _d1964- |
|
| 700 | 1 | _aGill, Bates. | |
| 700 | 1 | _aHänggi, Heiner. | |
| 710 | 2 | _aStockholm International Peace Research Institute | |
| 710 | 2 | _aGeneva Centre for the Democratic Control of Armed Forces. | |
| 906 |
_a7 _bcbc _ccopycat _d2 _encip _f20 _gy-gencatlg |
||
| 942 |
_2ddc _cBK |
||
| 999 |
_c16098 _d16098 |
||